G16丹锡高速公路途经的地级和县级行政区 - 地图版 - Statistics

General Stats
  • This quiz has been taken 35 times
  • The average score is 27 of 33
Answers on the Map
Answers color-coded by a green-red scale on the quiz's map according to % correct below.
 
Answer Stats
行政区 % Correct
锡林浩特市
96%
丹东市
96%
锡林郭勒盟
96%
朝阳县
93%
鞍山市
93%
盘锦市
93%
葫芦岛市
93%
朝阳市
93%
赤峰市
93%
营口市
89%
锦州市
89%
东港市
82%
巴林右旗
82%
岫岩满族自治县
79%
凌海市
79%
建平县
79%
红山区
79%
海城市
75%
大石桥市
75%
站前区
75%
大洼区
75%
兴隆台区
75%
盘山县
75%
太和区
75%
敖汉旗
75%
元宝山区
75%
喀喇沁旗
75%
克什克腾旗
75%
南票区
71%
龙城区
71%
松山区
71%
翁牛特旗
71%
林西县
68%
No matching quizzes found
Score Distribution
Percent of People with Each Score
Percentile by Number Answered
Your Score History
You have not taken this quiz